SENTUHAN GASING (Record no. 90267)

MARC details
000 -LEADER
fixed length control field 00803nam a2200265 i 4500
001 - CONTROL NUMBER
control field C2-0284290
003 - CONTROL NUMBER IDENTIFIER
control field PPAK
005 - DATE AND TIME OF LATEST TRANSACTION
control field 20201201084914.0
008 - FIXED-LENGTH DATA ELEMENTS--GENERAL INFORMATION
fixed length control field 071202s2007 my a|||| ||||| | may d
020 ## - INTERNATIONAL STANDARD BOOK NUMBER
International Standard Book Number 9838476668
-- 9789838476669
040 ## - CATALOGING SOURCE
Original cataloging agency PPAK
Language of cataloging eng
Transcribing agency PPAK
Description conventions rda
082 04 - DEWEY DECIMAL CLASSIFICATION NUMBER
Classification number 306.09595
Edition number 23
090 00 - LOCALLY ASSIGNED LC-TYPE CALL NUMBER (OCLC); LOCAL CALL NUMBER (RLIN)
Classification number (OCLC) (R) ; Classification number, CALL (RLIN) (NR) 306.09595
Feature heading SEN
Feature heading K
245 00 - TITLE STATEMENT
Title SENTUHAN GASING
264 #1 - PRODUCTION, PUBLICATION, DISTRIBUTION, MANUFACTURE, AND COPYRIGHT NOTICE
Place of production, publication, distribution, manufacture Kepong, Selangor :
Name of producer, publisher, distributor, manufacturer Buku Must ,
Date of production, publication, distribution, manufacture, or copyright notice 2007
300 ## - PHYSICAL DESCRIPTION
Extent 62 pages :
Other physical details colour illustrations ;
Dimensions 22 cm
336 ## - CONTENT TYPE
Source rdacontent
Content type term text
337 ## - MEDIA TYPE
Source rdamedia
Media type term unmediated
338 ## - CARRIER TYPE
Source rdacarrier
Carrier type term volume
490 1# - SERIES STATEMENT
Series statement SIRI ANJUNG PEWARIS SENI
650 10 - SUBJECT ADDED ENTRY--TOPICAL TERM
Topical term or geographic name entry element Culture
Geographic subdivision Malaysia
General subdivision Juvenile literature.
Topical term or geographic name entry element Gasing (games)
Geographic subdivision Malaysia
General subdivision Juvenile literature.
830 #0 - SERIES ADDED ENTRY--UNIFORM TITLE
Uniform title Siri anjung pewaris seni
942 ## - ADDED ENTRY ELEMENTS (KOHA)
Koha item type Book
Source of classification or shelving scheme Dewey Decimal Classification
Holdings
Withdrawn Not for loan Current library Shelving location Date acquired Full call number Barcode Date last seen Koha item type Total Checkouts
    Perpustakaan Kuala Kedah Pinjaman Kanak-kanak 01/12/2020 K 306.09595 SEN A00740266 01/12/2020 Book  
    Bergerak 1, Alor Setar Pinjaman Kanak-kanak 02/12/2007 K 306.09595 SEN A01210720 09/05/2018 Book  
    Bergerak 1, Alor Setar Pinjaman Kanak-kanak 02/12/2007 K 306.09595 SEN A01210721 09/05/2018 Book  
    Bergerak 3, Baling Pinjaman Kanak-kanak 02/12/2007 K 306.09595 SEN A01210722 09/05/2018 Book  
    Bergerak 4, Sungai Petani Pinjaman Kanak-kanak 02/12/2007 K 306.09595 SEN A01210723 09/05/2018 Book  
    PD11, Felda Teloi Kanan, Kuala Ketil Pinjaman Kanak-kanak 19/01/2016 K 306.09595 SEN A00876536 09/05/2018 Book  
    PD13, KEDA Lahar Tunjung, Pendang Pinjaman Kanak-kanak 18/08/2014 K 306.09595 SEN A00871022 09/05/2018 Book  
    PD15, Kg. Naga, Kepala Batas Pinjaman Kanak-kanak 09/09/2015 K 306.09595 SEN A00876017 09/05/2018 Book  
    PD38, KEDA Tanjung Setol, Pendang Pinjaman Kanak-kanak 24/12/2014 K 306.09595 SEN A00872188 09/05/2018 Book